Normal view MARC view
  • Real Property Association of Canada

Entry Corporate Name

Number of records used in: 1

001 - CONTROL NUMBER

  • control field: 4785

003 - CONTROL NUMBER IDENTIFIER

  • control field: SIRSI

005 - DATE AND TIME OF LATEST TRANSACTION

  • control field: 20190806150237.0

008 - FIXED-LENGTH DATA ELEMENTS

  • fixed length control field: 051108n| aaannaabn |n ana d

040 ## - CATALOGING SOURCE

  • Original cataloging agency: OSt
  • Transcribing agency: OSt

110 2# - HEADING--CORPORATE NAME

  • Corporate name or jurisdiction name as entry element: Real Property Association of Canada

670 ## - SOURCE DATA FOUND

  • Source citation: Green value, 2005